Central Library OPAC University of Rajshahi

Diseases of the nervous system : (Record no. 12884)

MARC details
000 -LEADER
fixed length control field 00944nam a2200265 a 4500
001 - CONTROL NUMBER
control field 12884
003 - CONTROL NUMBER IDENTIFIER
rucl marc code BD-RjUL
005 - DATE AND TIME OF LATEST TRANSACTION
control field 20211208235354.0
008 - FIXED-LENGTH DATA ELEMENTS--GENERAL INFORMATION
fixed length control field 140129s1958 enka 001 0 eng d
035 ## - SYSTEM CONTROL NUMBER
System control number (GEU-M)DOBI0031451605
System control number (OCoLC)9149039
System control number (BD-RjUL)12934
040 ## - CATALOGING SOURCE
Original cataloging agency KKP
Transcribing agency KKP
Modifying agency BD-RjUL
Language of cataloging eng
041 ## - LANGUAGE CODE
Language code of text/sound track or separate title eng
060 #0 - NATIONAL LIBRARY OF MEDICINE CALL NUMBER
Classification number WL 100 W228d 1958
082 ## - DEWEY DECIMAL CLASSIFICATION NUMBER
Classification number 616.8
Author mark and year WAD
100 1# - MAIN ENTRY--PERSONAL NAME
Personal name Walshe, Francis,
Dates associated with a name 1885-1973.
9 (RLIN) 40140
245 10 - TITLE STATEMENT
Title Diseases of the nervous system :
Remainder of title described for practitioners and students /
Statement of responsibility, etc. by Sir Francis Walshe ; with chapters on the neurological complications of liver disease and hepatolenticular degeneration, by J.M. Walshe
250 ## - EDITION STATEMENT
Edition statement 8th ed.
260 ## - PUBLICATION, DISTRIBUTION, ETC. (IMPRINT)
Place of publication, distribution, etc. Edinburgh :
Name of publisher, distributor, etc. E & S Livingstone,
Date of publication, distribution, etc. 1955.
300 ## - PHYSICAL DESCRIPTION
Pagination xvi, 373 p. :
Illustrations ill. ;
Size 25 cm
504 ## - BIBLIOGRAPHY, ETC. NOTE
Bibliography, etc Includes bibliographical references and index
650 #0 - SUBJECT ADDED ENTRY--TOPICAL TERM
Topical term or geographic name as entry element Nervous system
General subdivision Diseases
9 (RLIN) 40141
942 ## - ADDED ENTRY ELEMENTS (KOHA)
Source of classification or shelving scheme Dewey Decimal Classification
Koha item type Books
Holdings
Lost status Source of classification or shelving scheme Damaged status Not for loan Permanent Location Current Location Shelving location Date acquired Total Checkouts Full call number Date last seen Copy number Koha item type
  Dewey Decimal Classification     Central Library, University of Rajshahi Central Library, University of Rajshahi   29/01/2014   616.8 WAD 1955 29/01/2014 C-3 Books